Muslim separatism in India; (Record no. 80462)

MARC details
000 -LEADER
fixed length control field 00867cam a22002651 4500
001 - CONTROL NUMBER
control field sa 68004963
003 - CONTROL NUMBER IDENTIFIER
control field DLC
005 - DATE AND TIME OF LATEST TRANSACTION
control field 20260227112505.0
008 - FIXED-LENGTH DATA ELEMENTS--GENERAL INFORMATION
fixed length control field 711216s1967 pk b 000 0 eng
010 ## - LIBRARY OF CONGRESS CONTROL NUMBER
LC control number sa 68004963
025 ## - OVERSEAS ACQUISITION NUMBER
Overseas acquisition number PL480:P-E-1389
040 ## - CATALOGING SOURCE
Original cataloging agency DLC
Transcribing agency DLC
Modifying agency DLC
043 ## - GEOGRAPHIC AREA CODE
Geographic area code a-ii---
050 00 - LIBRARY OF CONGRESS CALL NUMBER
Classification number DS475.1
Item number .A34
100 0# - MAIN ENTRY--PERSONAL NAME
Personal name Abdul Hamid
Titles and words associated with a name (Professor)
245 10 - TITLE STATEMENT
Title Muslim separatism in India;
Remainder of title a brief survey, 1858-1947.
260 ## - PUBLICATION, DISTRIBUTION, ETC.
Place of publication, distribution, etc. [Lahore]
Name of publisher, distributor, etc. Oxford University Press,
Date of publication, distribution, etc. 1967.
300 ## - PHYSICAL DESCRIPTION
Extent xv, 263, xi p.
Dimensions 22 cm.
350 ## - PRICE (NR) (BK AM CF MU VM SE) [OBSOLETE]
Price Rs12.50
500 ## - GENERAL NOTE
General note "Published under the auspices of the Social Sciences Research Centre, University of the Panjab."
504 ## - BIBLIOGRAPHY, ETC. NOTE
Bibliography, etc. note Bibliography: p. 262-263.
650 #0 - SUBJECT ADDED ENTRY--TOPICAL TERM
Topical term or geographic name entry element Muslims
Geographic subdivision India.
651 #0 - SUBJECT ADDED ENTRY--GEOGRAPHIC NAME
Geographic name India
General subdivision Politics and government.
710 2# - ADDED ENTRY--CORPORATE NAME
Corporate name or jurisdiction name as entry element University of the Punjab.
Subordinate unit Social Sciences Research Centre.

No items available.

Powered by Koha